El secuestro de la demanda que cautiva

Gorde:
Xehetasun bibliografikoak
Egile Nagusiak: Vivar, Julieta (Egilea), Silva, Juan Claudio (Egilea), Dávila, Oscar (Egilea)
Formatua: Liburua
Hizkuntza:gaztelania
Argitaratua: Valparaíso CIDPA 2008
Edizioa:1a. ed
Gaiak:
Etiketak: Etiketa erantsi
Etiketarik gabe, Izan zaitez lehena erregistro honi etiketa jartzen!

MARC

LEADER 00000nam a2200000 a 4500
001 UCI6999
003 CL-VaPUC
008 080605e20080000CL |||||||||||||||||spa|d
082 0 4 |a 305.2355  |b VIV  |2 21 
100 0 |a Vivar, Julieta  |e author  |9 530125 
700 0 |a Silva, Juan Claudio  |e author  |9 530126 
700 0 |a Dávila, Oscar  |e author  |9 530127 
245 1 3 |a El secuestro de la demanda que cautiva 
246 1 0 |a Juventud e integración sudamericana: caracterizacion de situaciones tipo y organizaciones juveniles 
250 |a 1a. ed 
300 |a 93 p 
942 |c BK 
945 |d 20080605 00:00:00  |a rbrito 
260 |a Valparaíso  |b CIDPA  |c 2008 
650 0 |a Juventud  |9 271073 
650 0 |a Adolescencia  |9 307361 
650 0 |a Desarrollo social  |9 264534 
583 |a last modification  |c 20080605 00:00:00  |k Rodrigo Vera 
999 |c 330429  |d 330427 
952 |0 0  |1 0  |4 0  |6 305_235500000000000_VIV_2008  |7 0  |8 A  |9 415960  |a BIBGIM  |b BIBGIM  |d 2019-11-22  |i 4447077  |o 305.2355 VIV 2008  |p 4447077  |r 2025-01-15  |w 2019-11-22  |y BK  |k GIM 
952 |0 0  |1 0  |4 0  |6 305_235500000000000_VIV_2008  |7 0  |8 A  |9 415961  |a BIBHIS  |b BIBHIS  |d 2019-11-22  |i 4457811  |o 305.2355 VIV 2008  |p 4457811  |r 2025-01-20  |w 2019-11-22  |y BK  |k HIS 
952 |0 0  |1 0  |4 0  |6 305_235500000000000_VIV_2008  |7 0  |8 A  |9 415962  |a BIBEDU  |b BIBEDU  |d 2019-11-22  |i 4502191  |o 305.2355 VIV 2008  |p 4502191  |r 2019-11-22  |w 2019-11-22  |y BK  |k EPE